LEADER 01081nam a2200253 a 4500 001 000000135933 003 CaOOAMICUS 005 20131023113030.0 008 131023s1977 it u000 u ita r 040 $aPUL$bita 100 1 $aVittorini, Elio,$d1908-1966.$0(OLS)http://pul/name/35470 245 14$aGli anni del "Politecnico" :$blettere 1945-1951 /$cElio Vittorini ; a cura di Carlo Minoia. 260 $aTorino :$bEinaudi,$c1977. 300 $aVII, 451 p. ;$c22 cm 490 1 $aLettere ;$v02 700 1 $aMinoia, Carlo.$0(OLS)http://pul/name/87475 800 1 $aVittorini, Elio,$d1908-1966.$tLettere ;$v02.$0(OLS)http://pul/nameTitle/1800$0(OLS)http://pul/name/35470$0(OLS)http://pul/title/23909 850 $aPUL 852 $aPUL$W1$xDP1 Fondo E. Rossi$y115$m2 A 313$j156760$qFondi$B156100$CPULBib$Z2$F156100 $82 941 1 $a1 961 $aSul dorso collocazione ms. di E. Rossi: I 219 996 $6245$aGli anni del "Politecnico" :$blettere 1945-1951$9(OLS)http://pul/title/171849 996 $6260$aTorino :$bEinaudi$9(OLS)http://pul/publisher/48130 LEADER 01362nam a2200337 a 4500 001 000000138250 003 CaOOAMICUS 005 20140430100512.0 008 140430s2014 it u000 u ita r 020 $a978-88-13-32953-2 040 $aPUL$bita 082 04$a348.45 245 00$aSuccessioni e donazioni /$ca cura di Lorenzo Balestra, Mauro Di Marzio. 250 $a2. ed. 260 $aPadova :$bCEDAM,$c2014. 300 $aXXXII, 1813 p. ;$c25 cm 490 1 $aSapere diritto ;$v05. 504 $aInclude indice bibliografico e indice normativo. 650 4$aSuccessione (diritto).$0(OLS)http://pul/subject/1242 650 4$aDonazione (diritto).$0(OLS)http://pul/subject/17825 700 1 $aDi Marzio, Mauro.$0(OLS)http://pul/name/73905 700 1 $aBalestra, Lorenzo.$0(OLS)http://pul/name/70554 830 0$aSapere diritto ;$v05.$0(OLS)http://pul/title/137468 850 $aPUL 852 $aPUL$W1$xSL Diritto e Scienze Sociali 3$y79$m348. 45 COLL 3.5$j135781$qDDC 21$B158973$CPULBib$Z2$F158973 $H123858 $82 941 1 $a9 996 $6020$a978-88-13-32953-2$9(OLS)http://pul/number/155113 996 $6082$a348.45$9(OLS)http://pul/classification/373 996 $6245$aSuccessioni e donazioni$9(OLS)http://pul/title/148942 996 $6260$aPadova :$bCEDAM$9(OLS)http://pul/publisher/48126